| 000 | 00547nam a2200169 a 4500 | ||
|---|---|---|---|
| 001 | BRCA_677 | ||
| 005 | 20190320203112.0 | ||
| 008 | 190508s----1985mx-a---###---#000-0#spa-# | ||
| 050 | 4 |
_aN910.M38 _b.M97 1985 |
|
| 245 | 1 | 0 |
_aMuseo de arte religioso _bguía oficial. |
| 260 |
_aMéxico _bINAH _c1985 |
||
| 300 |
_a40 p. _bil. blanco y negro _c20 cm. |
||
| 610 | 2 | 4 |
_aMuseo de Arte Religioso (Ciudad de México) _vGuías _92230 |
| 610 | 2 | 4 |
_aCatedral de México _xColecciones de arte _92231 |
| 650 | 1 | 4 |
_aMuseos de arte colonial _zMéxico _92232 |
| 942 |
_2lcc _cB |
||
| 999 |
_c583 _d583 |
||